00650nam a2200193Ia 4500952013500000999001700135003000400152005001700156008004100173020001800214040000900232082002000241100002800261245003700289260006000326300000900386650001500395942004600410 00102ddc40708MEMOIRSaMESbMEScMALd2019-02-20g100.00l0o894.8129 PAV/Pp31641r2019-02-20 00:00:00w2019-02-20yBKzGR34R1 c28971d28971OSt20201228104131.0190216s9999||||xx |||||||||||||| ||und|| a9788182643734 coclc a894.8129bPAV/P aPavanan, Parvathi97896 0aPavanaparvam /cParvathi Pavanan bMathrubhumi Printing And Publishing,aKozhikode:c2006. a200p aOormakurip cBK2ddch894.8129iPAV/Pk894.8129mPAV/P